000 00652cab a2200229 4500
001 WB3002-22
008 090401t1994 xxu||||| |||| 00| 0 eng d
035 _a(Sirsi) u47443
041 _aeng
245 _aHousing fund allocation to drop
260 _c1994
350 _a0
490 _aMunicipal Journal
_v(1) 7 January 1994, 9(1)
520 _aThe Government has announced the 1994/95 fund allocation for housing; £400m less than last year.
650 _aESTATE ACTION
650 _aFUNDING
650 _aHOUSING INVESTMENT PROGRAMME
650 _aLOCAL AUTHORITIES
690 _aHOUSING-FINANCE
942 _n0
948 _c04/03/1997
999 _c29923
_d29923